000 00345nam a2200157 i 4500
001 bg
245 0 _aVolterra Equations.
260 _aBerlin :
_bSpringer-Verlag,
_c1979.
020 _a3540095349
040 _cBPK
041 _apol
080 _a517
920 _a3-540-09534-9
942 _cKS
008 s pl f |000 0 pol
999 _c19428
_d19428
856 _uhttp://koha.tu.koszalin.pl/cgi-bin/koha/opac-detail.pl?biblionumber=19428
_yKatalog online BPK